000 00661nmc a2200265 a 4500
003 AR-BaBNM
005 20251128203101.0
008 235020s2004 ||||||||||||||000 | spa||
020 _a950-07-2491-X
040 _cAR-BaBNM
100 1 _aFilippi, Sandra
245 1 0 _a¡Ajjj...!
250 _a2ª ed.
260 _aBuenos Aires
_bSudamericana
_c2004
300 0 _a59 p.
_bil.
490 0 _aPan Flauta
_vv. 55
650 4 _aLITERATURA INFANTIL
650 4 _aLIBROS PARA NINOS
653 _aCUENTOS DE NATURALEZA
655 _aLITERATURA
700 1 _aBrusca, María Cristina
_eilustrador
800 0 _aCanela
942 _cBK
998 _cme-solo cat
999 _c1803
_d1803